[Event "Klaipeda Sea op-B 16th"]
[Site "Klaipeda"]
[Date "2019.07.28"]
[Round "7"]
[White "Andrijauskas, Domas"]
[Black "Pocius, Vaclovas"]
[Result "0-1"]
[WhiteElo "1274"]
[BlackElo "1733"]
[PlyCount "98"]
[EventDate "2019.07.22"]
[EventType "swiss"]
[EventRounds "7"]
[EventCountry "LTU"]
[SourceTitle "CBM 191 Extra"]
[Source "ChessBase"]
[SourceDate "2019.09.30"]
[SourceVersion "1"]
[SourceVersionDate "2019.09.30"]
[SourceQuality "1"]

1. e4 d5 2. exd5 Nf6 3. Nc3 Nxd5 4. Bc4 Nxc3 5. Qf3 e6 6. Qxc3 Nd7 7. Nf3 Qf6 8. Qxf6 Nxf6 9. d3 Bd6 10. h3 h6 11. Be3 Nd5 12. Bxd5 exd5 13. 0-0 Bd7 14. Rfd1 0-0-0 15. Rac1 c5 16. d4 c4 17. b3 b5 18. Ne5 Be8 19. Bd2 Kb7 20. bxc4 bxc4 21. Rb1+ Ka6 22. Bb4 f6 23. Bxd6 Rxd6 24. Ng4 Bg6 25. Rdc1 Rb6 26. Rxb6+ Kxb6 27. Ne3 Kc6 28. Rb1 Re8 29. Rb4 Re7 30. Ra4 Kb5 31. Ra3 Kb4 32. Ra6 Rxe3 33. fxe3 Bxc2 34. Kf1 Kc3 35. Ke2 Be4 36. g3 Kb2 37. Rxa7 c3 38. Rc7 Bb1 39. a4 Ba2 40. a5 Bc4+ 41. Rxc4 dxc4 42. a6 c2 43. a7 c1Q 44. a8Q Qc2+ 45. Kf3 c3 46. d5 Qb3 47. Qd8 c2 48. d6 c1Q 49. Qe7 Qd5+ 0-1

[Event "Klaipeda Sea op-B 16th"]
[Site "Klaipeda"]
[Date "2019.07.25"]
[Round "4"]
[White "Pocius, Vaclovas"]
[Black "Povilaitis, Tomas"]
[Result "0-1"]
[WhiteElo "1733"]
[BlackElo "1916"]
[PlyCount "44"]
[EventDate "2019.07.22"]
[EventType "swiss"]
[EventRounds "7"]
[EventCountry "LTU"]
[SourceTitle "CBM 191 Extra"]
[Source "ChessBase"]
[SourceDate "2019.09.30"]
[SourceVersion "1"]
[SourceVersionDate "2019.09.30"]
[SourceQuality "1"]

1. Nf3 f5 2. e4 fxe4 3. Ng5 Nf6 4. d3 e5 5. dxe4 h6 6. Nf3 d6 7. Bc4 Bg4 8. Bf7+ Kxf7 9. Nxe5+ dxe5 10. Qxd8 Bb4+ 11. Qd2 Bxd2+ 12. Nxd2 Nc6 13. Nc4 Be6 14. Nd2 Nb4 15. Kd1 Rad8 16. f3 a6 17. a3 Nc6 18. c3 Na5 19. Kc2 Rd7 20. b4 Nc4 21. Nxc4 Bxc4 22. Be3 Rhd8 0-1

[Event "Klaipeda-ch"]
[Site "Klaipeda"]
[Date "2019.02.09"]
[Round "4"]
[White "Sibajeva, Marija"]
[Black "Pocius, Vaclovas"]
[Result "1-0"]
[WhiteElo "2027"]
[BlackElo "1772"]
[PlyCount "71"]
[EventDate "2019.01.20"]
[EventType "tourn"]
[EventRounds "11"]
[EventCountry "LTU"]
[SourceTitle "CBM 189 Extra"]
[Source "ChessBase"]
[SourceDate "2019.06.03"]
[SourceVersion "1"]
[SourceVersionDate "2019.06.03"]
[SourceQuality "1"]

1. e4 d5 2. exd5 Nf6 3. Nf3 Nxd5 4. d4 Bf5 5. Nh4 Bd7 6. Nf3 e6 7. c4 Nb6 8. Nc3 Bc6 9. Be2 Bb4 10. a3 Be7 11. 0-0 0-0 12. Ne5 Be8 13. Be3 N8d7 14. f4 Nf6 15. Qc2 c6 16. Rf3 Qc7 17. Rh3 Rd8 18. Rf1 c5 19. Ng4 Nbd7 20. d5 g6 21. f5 Nxg4 22. Bxg4 exf5 23. Bxf5 Nf6 24. Bh6 Qe5 25. Re3 Qc7 26. Bxf8 Bxf8 27. Bxg6 hxg6 28. Rxf6 Bg7 29. Rf2 Bd4 30. Qe2 Kf8 31. Qf3 Bxe3 32. Qxe3 Bd7 33. Qh6+ Kg8 34. Ne4 f5 35. Qxg6+ Kf8 36. Ng5 1-0

[Event "Klaipeda-ch"]
[Site "Klaipeda"]
[Date "2017.03.05"]
[Round "7"]
[White "Pocius, Vaclovas"]
[Black "Vaitonis, Vytautas"]
[Result "0-1"]
[WhiteElo "1754"]
[BlackElo "1903"]
[PlyCount "78"]
[EventDate "2017.01.22"]
[EventType "tourn"]
[EventRounds "11"]
[EventCountry "LTU"]
[SourceTitle "EXT 2019"]
[Source "ChessBase"]
[SourceDate "2018.10.10"]
[SourceVersion "1"]
[SourceVersionDate "2018.10.10"]
[SourceQuality "1"]

1. e4 c5 2. Nc3 Nc6 3. g3 g6 4. Bg2 Bg7 5. d3 d6 6. f4 e6 7. Nf3 Nge7 8. 0-0 Rb8 9. g4 f5 10. h3 0-0 11. Ne2 d5 12. e5 d4 13. c4 h6 14. a3 b6 15. Bd2 a5 16. Qa4 Bd7 17. Qc2 Qc7 18. Rfb1 Nd8 19. b4 Nf7 20. Ng3 Bc6 21. Re1 axb4 22. axb4 Ra8 23. b5 Bb7 24. Qb2 Rxa1 25. Rxa1 fxg4 26. hxg4 Bxf3 27. Bxf3 Nxe5 28. Be2 Nxc4 29. dxc4 d3 30. Bc3 Qxf4 31. Bxg7 Qxg3+ 32. Kh1 dxe2 33. Bxf8 e1Q+ 34. Rxe1 Qxe1+ 35. Kg2 Kxf8 36. Qf6+ Ke8 37. Qf4 Qe2+ 38. Kh3 Qd3+ 39. Kg2 g5 0-1

[Event "Klaipeda-ch"]
[Site "Klaipeda"]
[Date "2017.02.23"]
[Round "5"]
[White "Pocius, Vaclovas"]
[Black "Pidluznij, Gleb"]
[Result "1-0"]
[WhiteElo "1754"]
[BlackElo "1686"]
[PlyCount "129"]
[EventDate "2017.01.22"]
[EventType "tourn"]
[EventRounds "11"]
[EventCountry "LTU"]
[SourceTitle "EXT 2019"]
[Source "ChessBase"]
[SourceDate "2018.10.10"]
[SourceVersion "1"]
[SourceVersionDate "2018.10.10"]
[SourceQuality "1"]

1. d4 Nf6 2. Nc3 d5 3. Bg5 c6 4. Nf3 Bf5 5. e3 e6 6. Bd3 Bg6 7. Ne5 Be7 8. 0-0 Nbd7 9. f4 Nxe5 10. fxe5 Nd7 11. Bxg6 hxg6 12. Qf3 Rf8 13. Bf4 Qb6 14. Nd1 c5 15. c4 g5 16. Bg3 cxd4 17. cxd5 exd5 18. Qxd5 dxe3 19. Re1 Qc6 20. Nxe3 Bc5 21. Rad1 Rc8 22. Kh1 Bxe3 23. Rxe3 Qxd5 24. Rxd5 Rc1+ 25. Re1 Rxe1+ 26. Bxe1 Nb6 27. Ra5 a6 28. Bf2 Nd7 29. Bd4 Ke7 30. h3 Rc8 31. e6 Kxe6 32. Rxg5 g6 33. Kh2 Rc4 34. Bc3 b5 35. a3 Nb6 36. Re5+ Kd6 37. Re8 Nd5 38. Bg7 Rc2 39. Rd8+ Ke6 40. Ra8 Rc6 41. Kg3 f6 42. Kf3 b4 43. Bf8 Nc7 44. Rc8 Kd7 45. Rb8 bxa3 46. Bxa3 Nb5 47. Rb7+ Ke6 48. Bf8 Kd5 49. Bg7 Nd4+ 50. Kg4 Nb5 51. Rf7 Ke5 52. Rxf6 Rxf6 53. Kg5 Ke6 54. Bxf6 Kf7 55. Be5 a5 56. g4 a4 57. h4 a3 58. b4 Ke6 59. Ba1 Kf7 60. h5 gxh5 61. gxh5 Nc7 62. h6 Ne6+ 63. Kf5 Nf8 64. b5 Ke7 65. Ke5 1-0

[Event "LTU-chT"]
[Site "Lithuania"]
[Date "2017.01.29"]
[Round "2.7"]
[White "Pocius, Vaclovas"]
[Black "Povilaitis, Tomas"]
[Result "1-0"]
[WhiteElo "1754"]
[BlackElo "1607"]
[PlyCount "62"]
[EventDate "2017.01.28"]
[EventType "team-swiss"]
[EventRounds "7"]
[EventCountry "LTU"]
[SourceTitle "CBM 176 Extra"]
[Source "ChessBase"]
[SourceDate "2017.03.02"]
[SourceVersion "1"]
[SourceVersionDate "2017.03.02"]
[SourceQuality "1"]
[WhiteTeam "Klaipeda"]
[BlackTeam "Siauliai Tomas"]
[WhiteTeamCountry "LTU"]
[BlackTeamCountry "LTU"]

1. Nf3 c5 2. b3 Nf6 3. Bb2 d5 4. e3 Nc6 5. Bb5 Bg4 6. 0-0 e6 7. d3 Bd6 8. Bxc6+ bxc6 9. Nbd2 0-0 10. Qe1 Re8 11. e4 e5 12. Qe3 h6 13. Rfe1 Nd7 14. h3 Bh5 15. Nf1 Rb8 16. g4 Bg6 17. Ng3 Qf6 18. Nf5 Bxf5 19. gxf5 Kh7 20. Bc1 d4 21. Qd2 c4 22. Qe2 c3 23. Kh2 g6 24. fxg6+ fxg6 25. Rg1 Rf8 26. Rg3 Rg8 27. Bg5 hxg5 28. Nxg5+ Kh8 29. Rag1 Rbf8 30. Qg4 Nb6 31. Qh4+ Kg7 1-0

[Event "Klaipeda New Year"]
[Site "Klaipeda"]
[Date "2016.12.27"]
[Round "2.3"]
[White "Pidluznij, Gleb"]
[Black "Pocius, Vaclovas"]
[Result "1-0"]
[WhiteElo "1686"]
[BlackElo "1754"]
[PlyCount "117"]
[EventDate "2016.12.26"]
[EventType "swiss"]
[EventRounds "5"]
[EventCountry "LTU"]
[SourceTitle "EXT 2024"]
[Source "ChessBase"]
[SourceDate "2023.10.10"]
[SourceVersion "1"]
[SourceVersionDate "2023.10.10"]
[SourceQuality "1"]

1. d4 e6 2. Bf4 Nf6 3. Nf3 c5 4. e3 Nc6 5. c3 cxd4 6. exd4 Be7 7. Bd3 b6 8. 0-0 Bb7 9. Nbd2 Nd5 10. Bg3 f5 11. h3 0-0 12. Nc4 d6 13. Re1 Qd7 14. Qe2 Nc7 15. a4 Rae8 16. a5 b5 17. Ncd2 Nd8 18. c4 b4 19. b3 Nc6 20. d5 Nd8 21. dxe6 Ncxe6 22. Qd1 Bf6 23. Rc1 Bc3 24. Qc2 g6 25. Re2 Nc6 26. Qd1 Nxa5 27. Bc2 Nc6 28. Nb1 Bd4 29. Rd2 f4 30. Bh2 Bc5 31. Be4 Ne7 32. Re2 Bxe4 33. Rxe4 Rf6 34. Qe2 Nc6 35. Re1 Kf7 36. Nbd2 Re7 37. Rxe6 Rfxe6 38. Ng5+ Kf6 39. Nxe6 Rxe6 40. Ne4+ Kg7 41. Bxf4 Bd4 42. Qd3 d5 43. cxd5 Qxd5 44. Kf1 Qf5 45. Bg3 Bc3 46. Re2 Nd4 47. Re3 Qa5 48. Nxc3 Rxe3 49. Qxd4+ Kg8 50. fxe3 bxc3 51. Qc4+ Kf8 52. Bd6+ Ke8 53. Qe6+ Kd8 54. Qe7+ Kc8 55. Qe8+ Kb7 56. Qd7+ Ka6 57. Qc6+ Qb6 58. Qxb6+ Kxb6 59. Ke2 1-0

[Event "Klaipeda Sea op-A 13th"]
[Site "Klaipeda"]
[Date "2016.07.29"]
[Round "5"]
[White "Pocius, Vaclovas"]
[Black "Juksta, Karolis"]
[Result "1/2-1/2"]
[WhiteElo "1728"]
[BlackElo "2022"]
[PlyCount "71"]
[EventDate "2016.07.25"]
[EventType "swiss"]
[EventRounds "7"]
[EventCountry "LTU"]
[SourceTitle "EXT 2018"]
[Source "ChessBase"]
[SourceDate "2017.10.13"]
[SourceVersion "1"]
[SourceVersionDate "2017.10.13"]
[SourceQuality "1"]

1. Nf3 d5 2. b3 c5 3. Bb2 f6 4. d3 e5 5. Nbd2 Nc6 6. g3 Be7 7. Bg2 Nh6 8. 0-0 0-0 9. Ne1 Be6 10. c4 d4 11. e3 dxe3 12. fxe3 Qc7 13. Ne4 f5 14. Nc3 Bg5 15. Nd5 Qd6 16. Qh5 Nf7 17. Nc2 Ne7 18. Nxe7+ Qxe7 19. Qf3 Rad8 20. Rad1 b6 21. Qe2 Bf6 22. e4 f4 23. gxf4 exf4 24. e5 Bg5 25. d4 Bf5 26. d5 Nxe5 27. Rde1 Ng6 28. Qh5 Qd7 29. Qxg5 Bxc2 30. Bh3 Qxh3 31. Re7 Rd7 32. Rfe1 Rxe7 33. Rxe7 Rf7 34. Re8+ Rf8 35. Re7 Rf7 36. Re8+ 1/2-1/2